000 00486nmm a2200169Ia 4500
008 251105s9999||||xx |||||||||||||||||und||
020 _a9788427727557
041 _aspa
100 _aMartínez Ocaña, Emma
245 0 _aEs tarde, pero es nuestra hora
264 _a[Madrid, España] :
_bNarcea Ediciones,
_c2020
300 _a182 páginas
490 _aLibros de Espiritualidad
650 _aReligion(s)
856 _uhttps://public.digitaliapublishing.com/a/68539
942 _cCF
999 _c80905
_d80905